Principles & Practices of Papua New Guinea Leadership/ (Record no. 213904)

MARC details
000 -LEADER
fixed length control field 00603nam a22001817a 4500
005 - DATE AND TIME OF LATEST TRANSACTION
control field 20251209163704.0
010 ## - LCCN (DPL NO)
LC control number ENG-147257
020 ## - INTERNATIONAL STANDARD BOOK NUMBER
International Standard Book Number 9789381714300
Terms of availability 250.00
035 ## - SYSTEM CONTROL NUMBER
System control number EN-130789
037 ## - SOURCE OF ACQUISITION
Source of stock number/acquisition DBAD
082 ## - DEWEY DECIMAL CLASSIFICATION NUMBER
Classification number 330
100 ## - MAIN ENTRY--PERSONAL NAME
Personal name Sinebare, Musawe
245 ## - TITLE STATEMENT
Title Principles & Practices of Papua New Guinea Leadership/
Statement of responsibility, etc by Musawe sinebare
260 ## - PUBLICATION, DISTRIBUTION, ETC. (IMPRINT)
Place of publication, distribution, etc New Delhi
Name of publisher, distributor, etc Scientific international pvt. ltd.
Date of publication, distribution, etc 2013
270 ## - ADDRESS
Address 4850/24, ansari road, daryaganj
City new delhi
Postal code 110002
Telephone number 011-23287580
Electronic mail address expo@siplind.com
300 ## - PHYSICAL DESCRIPTION
Extent 172p.
Dimensions 21cm(pb)
942 ## - ADDED ENTRY ELEMENTS (KOHA)
Source of classification or shelving scheme Dewey Decimal Classification
Item type English Books
Call number suffix SIN
Classification part 330
Holdings
Withdrawn status Lost status Not for loan Collection code Home library Current library Date acquired Source of acquisition Cost, normal purchase price Full call number Barcode Copy number Cost, replacement price Koha item type
    Not For Loan Non-fiction D.B.Act.Division D.B.Act.Division 09/12/2025 Delivery of Books Act Division 250.00 SIN 330 EN-130789 1 250.00 English Books

© Delhi Public Library
Hit Counter
free hit counter